000 00347nam a2200133Ia 4500
008 240624s9999 xx 000 0 und d
041 _aeng
082 _a658.4092 BAC
100 _aBACON TERRY R
245 _aELEMENTS OF INFLUENCE THE ART OF GETTING
260 _c2012
_aNew York
_bAMACOM
300 _axii, : 287 : p. : cm. ; 24
365 _c
_b28
999 _c22025
_d22025